000 00657nam a2200241Ia 4500
003 OSt
005 20220925230357.0
006 a|||||r|||| 00| 0
007 ta
008 220923b |||||||| |||| 00| 0 eng d
037 _cGeneral Book
040 _aRTL
_cRTL
_beng
041 _2eng
_aeng
082 _aY:(C86), N5
100 _aOsborne Peter
_9150243
245 0 _aPolitics of time
_b Modernity and Avant_ Grade
260 _aLondon
_bVerso
_c1995
300 _axv, 272p
_ccm.
500 _aBibiliography P 245-60
650 _aSociometry
942 _hY:(C86), N5
_cGB
_2CC
999 _c585313
_d585313